| 000 | 01699nam a2200325 a 4500 | ||
|---|---|---|---|
| 001 | BRCA_3194 | ||
| 005 | 20190320204145.0 | ||
| 008 | 180209s1725----enka---###---#000-0denk-u | ||
| 041 | _aeng | ||
| 044 | _aenk | ||
| 084 |
_a495 _b.K537 _c1725 |
||
| 100 | 1 |
_aCervantes Saavedra, Miguel de _d1547-1616 _9213 |
|
| 245 | 1 | 0 |
_aThe History of the Renowned Don Quixote de la Mancha _cWritten in Spanish by Miguel de Cervantes Saavedra. |
| 260 |
_aLondres _bJ. Knapton and Co. _c1725 |
||
| 300 |
_a4 v. _bil. _c17 cm. |
||
| 500 | _aContenido : v 1. Primera parte. Noticia sobre el autor. Prólogo de Cervantes. Texto. -- v 2. Texto. -- v 3. Segunda parte. Prólogo del autor. Texto. -- v 4. Texto | ||
| 500 | _aEdición : Traslated by Several Hands and Publish´d by Peter Motteux. In 4 vols. Adorn´a with new Sculptures. The 5a ed., Carefully rev., and Compared with the Best edition of the Original, Print at Madrid by J. Ozell. Nullum Magnum Ingenium sine Mixtura Dementiae | ||
| 500 | _aQuinta edición de la traducción de Motteux, revisada y corregida por J. Ozell, copia de la anterior. Piel; lomos decorados con filetes dorados Lúdovik Osterc | ||
| 500 | _aEstado físico : Contiene anotaciones manuscritas en las cubiertas | ||
| 500 | _aQM710 | ||
| 546 | _aTexto en : inglés | ||
| 650 | 1 | 4 |
_aNovela española _yÉpoca clásica, 1500-1700 _9215 |
| 650 | 1 | 4 |
_aLiteratura española _yÉpoca clásica, 1500-1700 _9216 |
| 650 | 1 | 4 |
_aNovela española _ySiglo XVII _9217 |
| 650 | 1 | 4 |
_aDon Quijote (Personaje ficticio) _eNovela _9218 |
| 700 | 1 |
_aMotteux, Peter Anthony _d1663-1718 _eTraductor _98565 |
|
| 740 | 0 | _aEl Ingenioso Hidalgo Don Quijote de la Mancha | |
| 902 | _aQFM | ||
| 942 |
_2lcc _cB |
||
| 999 |
_c2930 _d2930 |
||